The Crippled/ (Record no. 213372)
[ view plain ]
| 000 -LEADER | |
|---|---|
| fixed length control field | 00830nam a22002537a 4500 |
| 003 - CONTROL NUMBER IDENTIFIER | |
| control field | dpl |
| 005 - DATE AND TIME OF LATEST TRANSACTION | |
| control field | 20250908115106.0 |
| 008 - FIXED-LENGTH DATA ELEMENTS--GENERAL INFORMATION | |
| fixed length control field | 240724b |||||||| |||| 00| 0 eng d |
| 010 ## - LIBRARY OF CONGRESS CONTROL NUMBER | |
| LC control number | ENG-146660 |
| 020 ## - INTERNATIONAL STANDARD BOOK NUMBER | |
| International Standard Book Number | 9789348865809 |
| Terms of availability | 350.00 |
| 035 ## - SYSTEM CONTROL NUMBER | |
| System control number | EN-130192 |
| 037 ## - SOURCE OF ACQUISITION | |
| Source of stock number/acquisition | DBAD |
| 040 ## - CATALOGING SOURCE | |
| Original cataloging agency | DPL |
| Transcribing agency | 0 |
| 082 ## - DEWEY DECIMAL CLASSIFICATION NUMBER | |
| Classification number | N |
| Edition number | 1 |
| 100 ## - MAIN ENTRY--PERSONAL NAME | |
| Personal name | Mandal, Shri Jagdish Prasad |
| 9 (RLIN) | 84880 |
| 245 ## - TITLE STATEMENT | |
| Title | The Crippled/ |
| Statement of responsibility, etc | Shri Jagdish Prasad Mandl and Translated by Ram Ashish Singh |
| 250 ## - EDITION STATEMENT | |
| Edition statement | 1 |
| 260 ## - PUBLICATION, DISTRIBUTION, ETC. (IMPRINT) | |
| Place of publication, distribution, etc | Bihar |
| Name of publisher, distributor, etc | Pallavi Publication |
| Date of publication, distribution, etc | 2024 |
| 270 ## - ADDRESS | |
| Address | Tulsi Bhawan, Nehru Marg, Waed no. 06, Nirmali, District- Sapaul |
| City | Bihar |
| Postal code | 847452 |
| 300 ## - PHYSICAL DESCRIPTION | |
| Extent | 118p. |
| Dimensions | 21cm(pbk) |
| 500 ## - GENERAL NOTE | |
| General note | English Translated of Shri Jagdish Prasad Mandal's Maithili novel 'Pangu' |
| 700 ## - ADDED ENTRY--PERSONAL NAME | |
| Personal name | Singh, Ram Ashish |
| Relator term | Translated |
| 9 (RLIN) | 84881 |
| 942 ## - ADDED ENTRY ELEMENTS (KOHA) | |
| Source of classification or shelving scheme | Dewey Decimal Classification |
| Koha item type | English Books |
| Classification part | N |
| Call number suffix | MAN |
| Withdrawn status | Lost status | Source of classification or shelving scheme | Damaged status | Not for loan | Collection code | Home library | Current library | Date acquired | Source of acquisition | Cost, normal purchase price | Total Checkouts | Full call number | Barcode | Date last seen | Copy number | Cost, replacement price | Price effective from | Koha item type |
|---|---|---|---|---|---|---|---|---|---|---|---|---|---|---|---|---|---|---|
| Dewey Decimal Classification | Not For Loan | Fiction | D.B.Act.Division | D.B.Act.Division | 08/09/2025 | DBAD | 350.00 | N MAN | EN-130192 | 08/09/2025 | 3 | 350.00 | 08/09/2025 | English Books |
